000 00302nam a22001217a 4500
008 160419b xxu||||| |||| 00| 0 eng d
020 _a9781605477282
020 _a605477282
041 _aeng
080 _a618.2
245 _aFundamentals of Nursing:
_cRuth Craven ' Constance Hirnle:
942 _2udc
_cBK
999 _c1438
_d1438